Alan Walker Top Songs - Statistics

General Stats
  • This quiz has been taken 176 times
  • The average score is 4 of 30
Answer Stats
Answer % Correct
Faded
99%
Alone
88%
Sing Me To Sleep
55%
The Spectre
55%
Ignite
42%
All Falls Down
32%
Force
22%
Routine
16%
Sky
8%
135
6%
Hope
6%
This Is Me
4%
Golden Alley
3%
Big Universe
2%
Burn
2%
Memories
2%
New Heart
2%
Long Road
1%
24 Karat 2016
0%
Boats
0%
Grandmix 2016 - Part 1
0%
Grey Velvet Morning
0%
Harbour
0%
Hatful Of Rain
0%
Mountain Song
0%
r0ut1n3
0%
The Raid
0%
The Young Geralds 2016
0%
Tonight
0%
Yesterday Is My Home
0%
No matching quizzes found
Score Distribution
Percent of People with Each Score
Percentile by Number Answered
Your Score History
You have not taken this quiz